logo

Bir Sreshtho Munshi Abdur Rouf Library
Jhenaidah Cadet College

Mathematics in action / (Record no. 5550)

MARC details
000 -LEADER
fixed length control field 00670cam a2200265 a 4500
001 - CONTROL NUMBER
JCCL Control Number 5550
003 - CONTROL NUMBER IDENTIFIER
JCCL marc code BD-JhCC
005 - DATE AND TIME OF LATEST TRANSACTION
control field 20180404175904.0
008 - FIXED-LENGTH DATA ELEMENTS--GENERAL INFORMATION
fixed length control field 091212s2012 mau 001 0 eng
020 ## - INTERNATIONAL STANDARD BOOK NUMBER
International Standard Book Number 0021084955
035 ## - SYSTEM CONTROL NUMBER
system control number (BD-JhCC)5550
040 ## - CATALOGING SOURCE
Original cataloging agency DLC
Transcribing agency DLC
Modifying agency DLC
041 ## - LANGUAGE CODE
Language code of Book eng
050 00 - LIBRARY OF CONGRESS CALL NUMBER
Classification number QA39.3
Item number .M42 2012
082 00 - DEWEY DECIMAL CLASSIFICATION NUMBER
Classification number 510
DDC Edition number 22
Author mark and Year MAT 1992
245 00 - TITLE STATEMENT
Title Mathematics in action /
Statement of responsibility, etc Alan R. Hoffer...[et. all]
250 ## - EDITION STATEMENT
Edition statement 4th ed.
260 ## - PUBLICATION, DISTRIBUTION, ETC. (IMPRINT)
Place of publication, distribution, etc New York :
Name of publisher, distributor, etc McGraw-Hill,
Date of publication, distribution, etc c2012.
300 ## - PHYSICAL DESCRIPTION
Pagination 598 p. :
Dimensions 28 cm.
Other physical details ill. ;
500 ## - GENERAL NOTE
General note Includes index.
650 #0 - SUBJECT ADDED ENTRY--TOPICAL TERM
Topical term or geographic name as entry element Mathematics.
700 ## - ADDED ENTRY--PERSONAL NAME
Personal name Hoffer, Alan R.
942 ## - ADDED ENTRY ELEMENTS (KOHA)
Source of classification or shelving scheme Dewey Decimal Classification
Koha item type Books
Holdings
Source of classification or shelving scheme Damaged status Not for loan Home library Current library Shelving location Total Checkouts Full call number Barcode Date last seen Copy number Koha item type Date of accession Method of acquisition
Dewey Decimal Classification     JCC Rouf Library JCC Rouf Library General Stacks   510 MAT 1992 7770 12/18/2017 C - 1 Books    
Dewey Decimal Classification     JCC Rouf Library JCC Rouf Library General Stacks   510 MAT 1992 11842 03/05/2018 C - 2 Books    
Dewey Decimal Classification     JCC Rouf Library JCC Rouf Library General Stacks   510 MAT 1992 19556 05/20/2024 C-3 Books   Gift/Donation

JCC Library | Contacts | JCC Home

Last Update on 23 September 2017
Copyright @ 2017-2020 JCC Rouf Library
Rouf Library, Jhenidah Cadet College (JCC), Bangladesh